Estructuras empresarias dinámicas : modelos para diseñar empresas flexibles /

Guardado en:
Autor Principal: Serra, Roberto.
Otros Autores: Kastika, Eduardo.
Formato: Libro
Idioma:Spanish
Publicado: Buenos Aires : Ediciones Macchi, 1991.
Materias:
Etiquetas: Agregar Etiqueta
Sin Etiquetas, Sea el primero en etiquetar este registro!
LEADER 00996nam a22002415a 4500
001 EAD.ead001349
008 080401s1991####ag#######b####000#0#spa#d
005 20220909172232.0
245 1 0 |a Estructuras empresarias dinámicas :  |b modelos para diseñar empresas flexibles /  |c Roberto Serra, Eduardo Kastika. 
260 |a Buenos Aires :  |b Ediciones Macchi,  |c 1991. 
300 |a xvii, 140 p. ;  |c 23 cm. 
504 |a Incluye referencias bibliográficas. 
020 |a 9505371896 
100 1 |a Serra, Roberto. 
700 1 |a Kastika, Eduardo. 
082 0 4 |a 658.402  |2 21 
650 7 |a Estructura de la empresa.  |2 isoc 
650 7 |a Organigramas.  |2 isoc 
650 7 |a Cadena de valor.  |2 isoc 
859 |a AR-BaBDC  |b BIB. ADMINISTRACION - Libros  |h 658.402  |i Se68-1  |p b02787 
859 |a AR-BaBDC  |b BIB. ADMINISTRACION - Libros  |h 658.402  |i Se68-1  |p b02788  |t Ej.2 
859 |a AR-BaBDC  |b BIB. ADMINISTRACION - Libros  |h 658.402  |i Se68-1  |p b02789  |t Ej.3 
859 |a AR-BaBDC  |b BIB. ADMINISTRACION - Libros  |h 658.402  |i Se68-1  |p b02472  |t Ej. 4